000 00256nam a2200121Ia 4500
100 _aNambi/K.V
942 _cBK
245 _aWorkshop science & Engineering
260 _bTehnical services
_c2001
082 _a621.9
300 _a354
546 _aENGLISH
999 _c20593
_d20593